000 01177nam2a2200301 4500
001 RU\NLR\BIBL_A\011319787
005 20250806210234.0
035 _a(NLR Aleph) 011319787
090 _a58436
_c58436
100 _a20250806 rusy50
101 0 _apem
102 _aRU
135 _acrgn 008anaba
200 0 _a1944, № 57 (3377) (22 марта)
210 _d1944
325 1 _aКопия доступна в электронной библиотеке РНБ
461 0 _1001RU\NLR\BIBL_A\010535095
_12001#$aЛенин туй вылöт$v1944, № 57 (3377) (22 марта)
852 _aNLR
_bОНЛ
_jКоми-п.г./1-19
856 0 _uhttp://vivaldi.nlr.ru/pn000182375/view
856 1 _uhttp://vivaldi.nlr.ru/pn000182375/cover
856 2 _uhttp://vivaldi.nlr.ru/pn000182375/text
901 _eГазеты
942 _cISSNP
945 _aРоссийская национальная библиотека
980 _aNB
980 _aBV
981 2 7 _a(27) Периодические издания
_b(27) Газеты